Statistics for Capital Cities With More Than One Word

Click here to take the quiz!

General Stats

  • This quiz has been taken 46 times
    (29 since last reset)
  • The average score is 19 of 30

Answer Stats

Answer% Correct
New Delhi
83%
San Salvador
83%
Guatemala City
78%
Kuwait City
78%
Panama City
78%
Vatican City
78%
Cape Town
74%
Mexico City
74%
Port-Au-Prince
74%
Buenos Aires
70%
San Jose
65%
San Marino
65%
La Paz
61%
Port Louis
61%
Port Moresby
61%
Santo Domingo
61%
Abu Dhabi
57%
Addis Ababa
57%
Andorra La Vella
57%
Kuala Lumpur
57%
Port Of Spain
57%
St Georges
57%
Bandar Seri Begawan
52%
Phnom Penh
52%
St Johns
52%
Port Vila
48%
Sao Tome
43%
Sri Jayawardenepura Kotte
43%
Porto Novo
39%
South Tarawa
39%

Score Distribution

Percentile by Number Answered

Percent of People with Each Score

Your Score History

You have not taken this quiz since the last reset